British and European mushrooms and fungi : (Record no. 10114)
[ view plain ]
| 000 -LEADER | |
|---|---|
| fixed length control field | 00994cam a2200313 i 4500 |
| 001 - CONTROL NUMBER | |
| JCCL Control Number | 10114 |
| 003 - CONTROL NUMBER IDENTIFIER | |
| JCCL marc code | BD-JhCC |
| 005 - DATE AND TIME OF LATEST TRANSACTION | |
| control field | 20180418101934.0 |
| 008 - FIXED-LENGTH DATA ELEMENTS--GENERAL INFORMATION | |
| fixed length control field | 180417s1978 enka 000 0 eng |
| 020 ## - INTERNATIONAL STANDARD BOOK NUMBER | |
| International Standard Book Number | 0701123273 : |
| Terms of availability | £4.50. |
| International Standard Book Number | 0701123281 |
| 035 ## - SYSTEM CONTROL NUMBER | |
| system control number | (BD-JhCC)10114 |
| 040 ## - CATALOGING SOURCE | |
| Original cataloging agency | DLC |
| Transcribing agency | DLC |
| Modifying agency | DLC |
| -- | BD-JhCC |
| 041 1# - LANGUAGE CODE | |
| Language code of Book | engger |
| 050 00 - LIBRARY OF CONGRESS CALL NUMBER | |
| Classification number | QK617 |
| Item number | .N5513 |
| 082 00 - DEWEY DECIMAL CLASSIFICATION NUMBER | |
| Classification number | 589/.2/094 |
| Author mark and Year | NEU 1978 |
| 100 1# - MAIN ENTRY--PERSONAL NAME | |
| Personal name | Neuner, Andreas. |
| 240 10 - UNIFORM TITLE | |
| Uniform title | Pilze. |
| 245 10 - TITLE STATEMENT | |
| Title | British and European mushrooms and fungi : |
| Remainder of title | illustrated and identified with colour photographs / |
| Statement of responsibility, etc | Andreas Neuner ; English trans. by Fred Bradley ; edited by D. M. Dringer. |
| 260 ## - PUBLICATION, DISTRIBUTION, ETC. (IMPRINT) | |
| Place of publication, distribution, etc | London : |
| Name of publisher, distributor, etc | Chatto & Windus, |
| Date of publication, distribution, etc | 1978. |
| 300 ## - PHYSICAL DESCRIPTION | |
| Pagination | 144 p. : |
| Other physical details | col. ill. ; |
| Dimensions | 19 cm. |
| 490 0# - SERIES STATEMENT | |
| Series statement | Chatto nature guides |
| 500 ## - GENERAL NOTE | |
| General note | Translation of Pilze. |
| 500 ## - GENERAL NOTE | |
| General note | Spine title: Mushrooms. |
| 650 #0 - SUBJECT ADDED ENTRY--TOPICAL TERM | |
| Topical term or geographic name as entry element | Mushrooms |
| Geographic subdivision | Europe |
| General subdivision | Identification. |
| 700 1# - ADDED ENTRY--PERSONAL NAME | |
| Personal name | Dring, D. M. |
| 740 ## - | |
| Uncontrolled related/analytical title | Mushrooms. |
| 942 ## - ADDED ENTRY ELEMENTS (KOHA) | |
| Source of classification or shelving scheme | Dewey Decimal Classification |
| Koha item type | Books |
| Source of classification or shelving scheme | Damaged status | Not for loan | Home library | Current library | Shelving location | Date of accession | Total Checkouts | Full call number | Barcode | Date last seen | Copy number | Koha item type |
|---|---|---|---|---|---|---|---|---|---|---|---|---|
| Dewey Decimal Classification | JCC Rouf Library | JCC Rouf Library | General Stacks | 04/17/2018 | 589/.2/094 NEU 1978 | 13002 | 04/18/2018 | C-1 | Books |